The maintenance of high levels of employment during the period of industrial rehabilitation and reconversion. (Record no. 36512)

MARC details
000 -LEADER
fixed length control field 00992cam a22002651 4500
001 - CONTROL NUMBER
control field l 45000121
003 - CONTROL NUMBER IDENTIFIER
control field DLC
005 - DATE AND TIME OF LATEST TRANSACTION
control field 20260227111539.0
008 - FIXED-LENGTH DATA ELEMENTS--GENERAL INFORMATION
fixed length control field 780417s1945 quc 000 0 eng c
010 ## - LIBRARY OF CONGRESS CONTROL NUMBER
LC control number l 45000121
035 ## - SYSTEM CONTROL NUMBER
System control number (OCoLC)3807658
040 ## - CATALOGING SOURCE
Original cataloging agency U. S. Dept. of Labor. Libr.
Transcribing agency CCC
Modifying agency DLC
042 ## - AUTHENTICATION CODE
Authentication code premarc
050 00 - LIBRARY OF CONGRESS CALL NUMBER
Classification number HC59
Item number .I5
082 ## - DEWEY DECIMAL CLASSIFICATION NUMBER
Classification number 331.137
110 2# - MAIN ENTRY--CORPORATE NAME
Corporate name or jurisdiction name as entry element International Labour Office
245 14 - TITLE STATEMENT
Title The maintenance of high levels of employment during the period of industrial rehabilitation and reconversion.
Statement of responsibility, etc. Second item on the agenda.
260 ## - PUBLICATION, DISTRIBUTION, ETC.
Place of publication, distribution, etc. Montreal,
Name of publisher, distributor, etc. International Labour Office,
Date of publication, distribution, etc. 1945.
300 ## - PHYSICAL DESCRIPTION
Extent 1 p. l., iv p., 1 l., 181 p., 1 l.
Other physical details incl. tables.
Dimensions 24 cm.
500 ## - GENERAL NOTE
General note At head of title: Report II. International Labour Conference. Twenty-seventh session, Paris, 1945.
650 #0 - SUBJECT ADDED ENTRY--TOPICAL TERM
Topical term or geographic name entry element Reconstruction (1939-1951)
650 #0 - SUBJECT ADDED ENTRY--TOPICAL TERM
Topical term or geographic name entry element Economic policy.
650 #0 - SUBJECT ADDED ENTRY--TOPICAL TERM
Topical term or geographic name entry element Unemployed.
711 2# - ADDED ENTRY--MEETING NAME
Meeting name or jurisdiction name as entry element International Labor Conference
Number of part/section/meeting (27th :
Date of meeting or treaty signing 1945 :
Location of meeting Paris)

No items available.

Powered by Koha